| 000 | 00699nam a22002057a 4500 | ||
|---|---|---|---|
| 999 |
_c10102 _d10102 |
||
| 003 | AR-CdUCM | ||
| 008 | 190329b ||||| |||| 00| 0 spa d | ||
| 040 |
_aMUNICIPALIDAD PROVINCIAL DEL CUSCO _cBIBLIOTECA MUNICIPAL DEL CUSCO |
||
| 082 |
_a868.61 / _bAZ98 A / 1920 |
||
| 100 |
_aAzorín, _9580 |
||
| 245 | _aObras completas / | ||
| 260 |
_aMadrid : _bRafael Caro Raggio, _c 1919. |
||
| 300 |
_a182 paginas ; _c17 cm. |
||
| 505 | _aContenido : t.5: Carta de F. Giner -- El mal Labrador -- Unas sombrereras -- Un sabio -- Delicado... | ||
| 650 |
_aEnsayos históricos _915900 |
||
| 650 |
_aEnsayos españoles _9576 |
||
| 650 |
_aLiteratura europea _9894 |
||
| 942 |
_2ddc _cLIBROS |
||
| 945 | _awnts | ||